[Event "Mallorca-ch School U14"]
[Site "Mallorca"]
[Date "2018.02.16"]
[Round "3"]
[White "Canyelles Sureda, Joan"]
[Black "Ferrer Agus, Rodrigo"]
[Result "0-1"]
[WhiteElo "1374"]
[BlackElo "1555"]
[PlyCount "112"]
[EventDate "2018.02.02"]
[EventType "swiss"]
[EventRounds "6"]
[EventCountry "ESP"]
[SourceTitle "EXT 2024"]
[Source "ChessBase"]
[SourceDate "2023.10.10"]
[SourceVersion "1"]
[SourceVersionDate "2023.10.10"]
[SourceQuality "1"]

1. d4 Nf6 2. Nf3 g6 3. g3 Bg7 4. Bg2 d6 5. 0-0 0-0 6. Bf4 Nh5 7. Bd2 Nc6 8. e3 f5 9. Ng5 Nf6 10. c4 e5 11. Bc3 e4 12. Nd2 d5 13. Re1 a6 14. Qb3 dxc4 15. Qxc4+ Qd5 16. Qxd5+ Nxd5 17. Nh3 h6 18. f3 Ndb4 19. Bxb4 Nxb4 20. Rec1 exf3 21. Nxf3 c6 22. a3 Nd5 23. Re1 Re8 24. Kf2 Nf6 25. Ne5 g5 26. Re2 Ne4+ 27. Kg1 Bxe5 28. dxe5 Rxe5 29. Rd1 Re8 30. Nf2 Nxf2 31. Kxf2 Be6 32. Rd6 Rad8 33. Red2 Rxd6 34. Rxd6 Kf7 35. Bf3 Ke7 36. Rd2 Rd8 37. Rxd8 Kxd8 38. Ke2 Kc7 39. Kd3 Kd6 40. b4 Bd5 41. Bxd5 Kxd5 42. h3 h5 43. a4 b6 44. h4 g4 45. a5 bxa5 46. bxa5 c5 47. Kc3 c4 48. Kb4 c3 49. Kxc3 Ke4 50. Kc4 Kf3 51. Kc5 Kxg3 52. Kb6 Kxh4 53. Kxa6 g3 54. Kb5 g2 55. a6 g1Q 56. a7 Qa1 0-1

[Event "Mallorca-ch Segona"]
[Site "Palma"]
[Date "2017.12.10"]
[Round "4.4"]
[White "Ferrer Agus, Rodrigo"]
[Black "Trobat Fullana, Miquel"]
[Result "0-1"]
[WhiteElo "1532"]
[BlackElo "1619"]
[PlyCount "84"]
[EventDate "2017.12.02"]
[EventType "swiss"]
[EventRounds "6"]
[EventCountry "ESP"]
[SourceTitle "EXT 2024"]
[Source "ChessBase"]
[SourceDate "2023.10.10"]
[SourceVersion "1"]
[SourceVersionDate "2023.10.10"]
[SourceQuality "1"]

1. e4 c5 2. Nc3 Nc6 3. f4 g6 4. Nf3 Bg7 5. Bc4 e6 6. d3 a6 7. a4 Nge7 8. 0-0 b6 9. Qe1 0-0 10. h3 Nd4 11. Nxd4 cxd4 12. Nd1 d5 13. Bb3 dxe4 14. dxe4 Bb7 15. g4 Kh8 16. f5 gxf5 17. exf5 Nd5 18. fxe6 fxe6 19. Rxf8+ Qxf8 20. Qf2 Qxf2+ 21. Nxf2 e5 22. Bd2 Nf6 23. Re1 Nd7 24. a5 Nc5 25. Ba2 b5 26. Bb4 Na4 27. Nd1 e4 28. b3 Nc3 29. Nxc3 dxc3 30. Re2 Bd4+ 31. Kf1 Kg7 32. Bd6 Rd8 33. Bf4 Rf8 34. Kg2 Rxf4 35. b4 e3+ 36. Kg1 Rf2 37. Rxf2 exf2+ 38. Kf1 Kf6 39. h4 Ke5 40. g5 Kf4 41. Bg8 Be4 42. Be6 Kg3 0-1

[Event "Mallorca-ch Segona"]
[Site "Palma"]
[Date "2017.12.03"]
[Round "2.4"]
[White "Ferrer Agus, Rodrigo"]
[Black "Ramon Sanchez Campins, Pedro"]
[Result "1-0"]
[WhiteElo "1532"]
[BlackElo "1818"]
[PlyCount "81"]
[EventDate "2017.12.02"]
[EventType "swiss"]
[EventRounds "6"]
[EventCountry "ESP"]
[SourceTitle "EXT 2024"]
[Source "ChessBase"]
[SourceDate "2023.10.10"]
[SourceVersion "1"]
[SourceVersionDate "2023.10.10"]
[SourceQuality "1"]

1. e4 g6 2. Nf3 Bg7 3. Bc4 e6 4. Nc3 Nc6 5. 0-0 Nge7 6. d3 Na5 7. Bb3 Nxb3 8. axb3 b6 9. Bf4 d6 10. Qd2 Bb7 11. Bh6 0-0 12. Bxg7 Kxg7 13. Rfe1 a5 14. Nd1 Nc6 15. Ne3 Qe7 16. Ng4 Kh8 17. d4 e5 18. d5 Nb4 19. c3 Na6 20. Qh6 f6 21. Nh4 Qg7 22. Qxg7+ Kxg7 23. Ra3 Nc5 24. h3 Nd3 25. Rd1 Nf4 26. Nf3 f5 27. exf5 gxf5 28. Ne3 Kf6 29. Ra4 Rg8 30. Kh2 e4 31. Nh4 Nd3 32. Rd2 Bc8 33. Rc4 Rg7 34. Ra4 Bd7 35. Ra1 Nc5 36. Ra3 Nd3 37. f3 f4 38. fxe4 fxe3 39. Rxd3 Ke7 40. Rxe3 Rf8 41. Re2 1-0

[Event "Calvia Amateur op 14th"]
[Site "Calvia"]
[Date "2017.10.14"]
[Round "8"]
[White "Ferrer Mygina, Juan"]
[Black "Ferrer Agus, Rodrigo"]
[Result "1/2-1/2"]
[WhiteElo "1588"]
[BlackElo "1434"]
[PlyCount "63"]
[EventDate "2017.10.07"]
[EventType "swiss"]
[EventRounds "9"]
[EventCountry "ESP"]
[SourceTitle "EXT 2019"]
[Source "ChessBase"]
[SourceDate "2018.10.10"]
[SourceVersion "1"]
[SourceVersionDate "2018.10.10"]
[SourceQuality "1"]

1. e4 e5 2. Nf3 Nc6 3. Bb5 a6 4. Ba4 Nf6 5. d4 exd4 6. 0-0 Bc5 7. Re1 0-0 8. Bg5 Be7 9. e5 Nd5 10. Bxe7 Ndxe7 11. Nxd4 b5 12. Nxc6 Nxc6 13. Bb3 Bb7 14. Nc3 Na5 15. Bd5 Bxd5 16. Qxd5 Nc4 17. b3 Nb6 18. Qd4 Re8 19. Re3 Re6 20. Rae1 Qe7 21. f4 c5 22. Qd3 Re8 23. Nd5 Nxd5 24. Qxd5 d6 25. exd6 Rxe3 26. dxe7 Rxe1+ 27. Kf2 R8xe7 28. Qxc5 R1e2+ 29. Kf3 h6 30. Qc8+ Kh7 31. Qxa6 Rxc2 32. Qxb5 1/2-1/2

[Event "Campos Migjorn op"]
[Site "Campos"]
[Date "2016.09.09"]
[Round "1"]
[White "Baldo Company, Jordi"]
[Black "Ferrer Agus, Rodrigo"]
[Result "1-0"]
[WhiteElo "1708"]
[BlackElo "1337"]
[PlyCount "93"]
[EventDate "2016.09.09"]
[EventType "swiss"]
[EventRounds "8"]
[EventCountry "ESP"]
[SourceTitle "EXT 2017"]
[Source "ChessBase"]
[SourceDate "2016.10.25"]
[SourceVersion "1"]
[SourceVersionDate "2016.10.25"]
[SourceQuality "1"]

1. e4 e5 2. Nf3 Nc6 3. Bc4 Nf6 4. Ng5 d5 5. exd5 b5 6. dxc6 bxc4 7. Qe2 Qd5 8. Nc3 Qxg2 9. Qxe5+ Be7 10. Rf1 h6 11. Nge4 Bh3 12. Ng3 Qxc6 13. Nf5 Bxf5 14. Qxf5 Qc5 15. Qxc5 Bxc5 16. f3 a6 17. Ne4 Nxe4 18. fxe4 0-0 19. d3 cxd3 20. cxd3 Rad8 21. Rf3 Bd6 22. h4 Rfe8 23. Kf2 Be5 24. Rb1 Rd6 25. Ke2 Rf6 26. Be3 Rxf3 27. Kxf3 Rd8 28. Ke2 Bf6 29. Bf2 Kh7 30. Rc1 Rb8 31. b3 Bd8 32. d4 Kg6 33. Rc6+ Kh5 34. d5 Bxh4 35. Bxh4 Kxh4 36. Rxc7 Rf8 37. d6 g5 38. e5 g4 39. Kf2 h5 40. Re7 Kg5 41. d7 f5 42. Re8 Rxe8 43. dxe8Q Kh4 44. Kg2 g3 45. Qe7+ Kg4 46. Qg7+ Kh4 47. Qxg3# 1-0